00942nam a2200253 a 450000100060000000300080000600500170001400800390003102000150007002000400008503500190012504000320014404100080017608200270018410000240021124500590023524600460029426001430034030000330048350000470051650400510056365000390061470000350065337207BD-RjUL20211209052605.0141112r20011999enka b 001 0 eng a1859962416 a038791563X (softcover : alk. paper) a(BD-RjUL)37309 aDLCcDLCdDLCdBD-RjULbeng aeng00a540.2457221bFIC 20011 aFisher, J.q(Julie)10aChemistry for biologists /cJ. Fisher & J.R.P. Arnold.1 aInstant notes in chemistry for biologists aOxford, UK :bBIOS Scientific ;aNew York, USA :bDistributed exclusively in the U.S. by Springer-Verlag New York,c1999 [Reprinted 2001]. aix, 246 p. :bill. ;c25 cm. aOn label on t.p. verso: ISBN 0-387-91563-X aIncludes bibliographical references and index. 0aChemistryxOutlines, syllabi, etc.1 aArnold, J. R. P.q(John R. P.)